[Event "ch-TUR 2013"]
[Site "Antalya TUR"]
[Date "2013.02.07"]
[Round "8.29"]
[White "Demircin,K"]
[Black "Turkoglu,C"]
[Result "1/2-1/2"]
[WhiteElo "1844"]
[BlackElo "2165"]

1.Nf3 d5 2.g3 Nf6 3.Bg2 c5 4.O-O Nc6 5.c4 e6 6.cxd5 exd5 7.d4 h6 8.Nc3 Be6
9.h3 Qd7 10.Kh2 Ne4 11.Be3 Rd8 12.Qa4 b6 13.Rfd1 f5 14.Nxe4 fxe4 15.Nh4 b5
16.Qxb5 Nxd4 17.Qxd7+ Rxd7 18.Bxd4 cxd4 19.Ng6 Rg8 20.Rac1 Bd6 21.Rxd4 Kf7
22.Nf4 Rb8 23.Nxe6 Kxe6 24.b3 Be5 25.Rd2 Rc7 26.Rxc7 Bxc7 27.Rc2 Kd6 28.e3 Bb6
29.h4 Bc5 30.h5 Bb6 31.Bf1 Rf8 32.Kg2 Bc5 33.Bb5 a5 34.Rd2 Ke5 35.Bc6 Rd8
36.Rc2 Bd6 37.Bb5 Rb8 38.Ba4 Rb7 39.Rc8 Rc7 40.Re8+ Re7 41.Ra8 Bb4 42.a3 Be1
43.Kf1 Bc3 44.Rc8 Bb2 45.Rc5 Ra7 46.Ke2  1/2-1/2

[Event "ch-TUR 2013"]
[Site "Antalya TUR"]
[Date "2013.02.07"]
[Round "8.4"]
[White "Dastan,B"]
[Black "Metin,O"]
[Result "0-1"]
[WhiteElo "2390"]
[BlackElo "2021"]

1.Nf3 d5 2.g3 Nf6 3.Bg2 c6 4.O-O Bg4 5.d4 e6 6.Nbd2 Nbd7 7.Re1 Be7 8.e4 dxe4
9.Nxe4 Nxe4 10.Rxe4 Nf6 11.Re1 O-O 12.c3 Nd5 13.Qb3 Qb6 14.Ne5 Bf5 15.Nc4 Qc7
16.a4 Rac8 17.Ne3 Bg6 18.Bd2 Rfd8 19.Rad1 b6 20.Bf3 Nxe3 21.Bxe3 c5 22.dxc5 Bxc5
23.Bf4 Qe7 24.Rxd8+ Rxd8 25.h4 h6 26.Qb5 Qf6 27.Kg2 Rd3 28.Qc6 Qd8 29.a5 Bf5
30.b4 Bd6 31.axb6 axb6 32.Be3 Qf6 33.Bd4 e5 34.Bxb6 Rxf3 35.Qa8+ Bf8 36.Bc5 Rxc3
37.Qxf8+ Kh7 38.Qa8 Bd7 39.Qe4+ g6 40.Qxe5 Qf3+ 41.Kg1 Rc1 42.Kh2 Bc6 43.Kh3 h5  0-1

[Event "ch-TUR 2013"]
[Site "Antalya TUR"]
[Date "2013.02.07"]
[Round "9.34"]
[White "Kaban,E"]
[Black "Akpulat,Dogan"]
[Result "0-1"]
[WhiteElo "1994"]
[BlackElo "1831"]

1.Nf3 d5 2.g3 c5 3.Bg2 Nf6 4.d3 Nc6 5.Nbd2 e5 6.e4 Be6 7.O-O Be7 8.Re1 Qc7
9.Qe2 Nb4 10.Qd1 d4 11.b3 O-O 12.Nc4 Nc6 13.Nh4 b5 14.Nd2 g6 15.Nf1 Nh5 16.Nf5 c4
17.Nxe7+ Nxe7 18.Bf3 Ng7 19.Bg2 cxd3 20.cxd3 Rac8 21.Bh6 Qc2 22.f4 f6 23.Re2 Qxd1
24.Rxd1 Bg4 25.Rdd2 Bxe2 26.Rxe2 Rc3 27.Rd2 Rfc8 28.fxe5 fxe5 29.Bh3 R8c7
30.Kf2 Nc6 31.Ke2 Nb4 32.Bg5 Nc6 33.Rb2 Kf7 34.Bd2 b4 35.Bxc3 dxc3 36.Rb1 Nd4+
37.Kf2 Nge6 38.Ne3 Nc5 39.Bf1 Rc6 40.Nd5 c2 41.Re1 a5 42.Ne3 Nxd3+ 43.Bxd3 c1=Q
44.Rxc1 Rxc1 45.Nc4 Kf6 46.Nxa5 Ra1 47.Ke3 Rxa2 48.Nb7 Nxb3 49.Bc4 Ra3 50.Bxb3 Rxb3+
51.Kd2 Rb2+ 52.Kd3 Rxh2 53.Kc4 Rg2 54.Nd6 Ke6 55.Nb5 b3 56.Kxb3 Rxg3+ 57.Kc4 Re3
58.Nc7+ Kd6 59.Ne8+ Ke7 60.Nc7 Rxe4+ 61.Kd5 Re1 62.Nb5 h5  0-1

[Event "ch-TUR 2013"]
[Site "Antalya TUR"]
[Date "2013.02.08"]
[Round "10.37"]
[White "Ozalp,B"]
[Black "Temizkan,D"]
[Result "1/2-1/2"]
[WhiteElo "2022"]
[BlackElo "1832"]

1.Nf3 d5 2.g3 Nf6 3.Bg2 Bf5 4.O-O e6 5.c4 c6 6.d4 h6 7.Nc3 Be7 8.b3 O-O 9.Bb2 Nbd7
10.Rc1 Re8 11.Nd2 Qb6 12.e4 dxe4 13.Ncxe4 Nxe4 14.Nxe4 Nf6 15.Qe2 Nxe4 16.Bxe4 Bf6
17.Rfd1 Rad8 18.Rd3 Bxe4 19.Qxe4 Rd7 20.Rcd1 Red8 21.Kg2 Qa5 22.a4 c5 23.Bc3 Qc7
24.d5 Bxc3 25.Rxc3 exd5 26.cxd5 a5 27.Rcd3 Qd6 28.Re3 b6 29.f4 Qc7 30.Red3 Qd6
31.Re1 Qc7 32.h3 Qb7 33.Red1 Qc7 34.g4 Qb7 35.h4 Re7 36.Qf3 Red7 37.f5 Rd6
38.g5 hxg5 39.hxg5 Qe7 40.Qf4 Re8 41.Kg3 Qe2 42.Qxd6 Re3+ 43.Rxe3 Qxe3+ 44.Kh4 Qe4+
45.Kg3 Qe3+ 46.Kg2 Qe2+ 47.Kh3 Qf3+ 48.Kh2 Qf2+ 49.Kh3 Qf3+ 50.Qg3 Qh5+ 51.Kg2 Qe2+
52.Qf2 Qg4+ 53.Kh2 Qh5+ 54.Kg3 Qxg5+ 55.Kf3 Qh5+ 56.Kf4 Qxd1 57.Ke5 Qxb3
58.Qh4 f6+ 59.Ke6 c4 60.Qf4 c3 61.Qb8+ Kh7 62.Qh2+ Kg8 63.Qb8+ Kh7 64.Qh2+ Kg8
65.Qb8+  1/2-1/2

[Event "ch-TUR 2013"]
[Site "Antalya TUR"]
[Date "2013.02.09"]
[Round "11.14"]
[White "Gucin,Z"]
[Black "Gurel,A"]
[Result "1-0"]
[WhiteElo "2120"]
[BlackElo "1995"]

1.Nf3 d5 2.g3 Nf6 3.Bg2 e6 4.O-O Be7 5.d3 O-O 6.Nbd2 c5 7.c3 Nc6 8.e4 Qc7
9.Qe2 b6 10.Re1 dxe4 11.Nxe4 Nxe4 12.Qxe4 f5 13.Qe2 Bd7 14.Bf4 Bd6 15.Bxd6 Qxd6
16.Rad1 Rad8 17.d4 Bc8 18.dxc5 Qxc5 19.Rxd8 Rxd8 20.Ng5 e5 21.Bxc6 Qxc6 22.Qxe5 Rf8
23.Ne6 Rf6 24.Nd4 Qc4 25.b3 Qf7 26.Qe8+ Qf8 27.Qxf8+ Kxf8 28.f4 Kf7 29.Re5 g6
30.Kf2 Bb7 31.c4 Rd6 32.Ke3 Rd7 33.b4 Kf6 34.c5 bxc5 35.bxc5 Be4 36.Re6+ Kf7
37.Ra6 Rc7 38.Nb5 Rxc5 39.Nd6+ Kg8 40.Nxe4 fxe4 41.Rxa7 Rc2 42.Kxe4 Rxh2
43.g4 h5 44.gxh5 gxh5 45.a4 h4 46.Kf3 Rh1 47.Kg2 Rc1 48.a5 Rc4 49.a6 Ra4
50.f5 Ra3 51.f6 Ra2+ 52.Kh3 Ra4 53.Rg7+ Kh8 54.Rg6  1-0

[Event "ch-TUR 2013"]
[Site "Antalya TUR"]
[Date "2013.02.09"]
[Round "11.38"]
[White "Kaban,E"]
[Black "Erke,M"]
[Result "1-0"]
[WhiteElo "1994"]
[BlackElo "1804"]

1.Nf3 d5 2.g3 c5 3.Bg2 Nc6 4.d3 Nf6 5.Nbd2 g6 6.e4 Bg4 7.h3 Bxf3 8.Bxf3 Bg7
9.O-O dxe4 10.dxe4 Qd7 11.Kh2 h5 12.Nb3 b6 13.Bf4 Rd8 14.c3 Qe6 15.Qe2 Ng4+
16.Kg1 Nge5 17.Bg2 Nd3 18.Be3 c4 19.Nc1 b5 20.a3 h4 21.g4 O-O  1-0

[Event "17th Lienz Open 2013"]
[Site "Lienz AUT"]
[Date "2013.02.09"]
[Round "1.3"]
[White "Pajcin,J"]
[Black "Sedlak,N"]
[Result "0-1"]
[WhiteElo "1837"]
[BlackElo "2573"]

1.Nf3 d5 2.g3 g6 3.Bg2 Bg7 4.O-O Nf6 5.d4 O-O 6.c3 c5 7.Re1 Qb6 8.e3 Nc6
9.Nbd2 Bf5 10.dxc5 Qxc5 11.Nb3 Qb6 12.Nbd4 Be4 13.Nxc6 bxc6 14.Nd2 Bxg2 15.Kxg2 e5
16.e4 Rfe8 17.f3 Rad8 18.Qc2 Qa6 19.a4 Nd7 20.b4 Nb6 21.Nb3 Nc4 22.Qe2 Qc8
23.Be3 Qc7 24.Bc5 f5 25.b5 Qb7 26.exd5 cxd5 27.Qf2 a6 28.Bb4 axb5 29.a5 e4
30.a6 Qa8 31.Kg1 Ne5 32.fxe4 dxe4 33.Qb6 Nf3+ 34.Kf1 Nxe1 35.Kxe1 e3 36.Qb7 Bf8
37.Ba5 Rb8 38.Qxa8 Rxa8 39.Bc7 Re7 40.Bf4 Rea7 41.Ra5 Rxa6 42.Rxb5 Ra2 43.h4 Rb2
44.Bxe3 Re8  0-1

[Event "17th Lienz Open 2013"]
[Site "Lienz AUT"]
[Date "2013.02.09"]
[Round "1.14"]
[White "Ager,J"]
[Black "Grubauer,G"]
[Result "1-0"]
[WhiteElo "2198"]
[BlackElo "1802"]

1.Nf3 d5 2.g3 Nf6 3.Bg2 Bf5 4.c4 c6 5.Qb3 Qc7 6.d3 e6 7.Bf4 Qb6 8.Nc3 Nbd7
9.O-O Rd8 10.cxd5 exd5 11.e4 Be6 12.Ng5 Nc5 13.Qxb6 axb6 14.exd5 Nxd5 15.Nxe6 Nxe6
16.Nxd5 cxd5 17.Rfe1 Bb4 18.Re5 O-O 19.Bg5 Nxg5 20.Rxg5 f5 21.g4 g6 22.gxf5 Rxf5
23.Rxf5 gxf5 24.Bh3 Rf8 25.d4 Kg7 26.Rc1 Bd6 27.Bg2 Bf4 28.Rc3 Rd8 29.Rb3 Rd6
30.Rb5 Bc1 31.Bxd5 Bxb2 32.Rxb2 Rxd5 33.Rxb6 Rxd4 34.Rxb7+ Kh6 35.Ra7 Rd1+
36.Kg2 Ra1 37.Kg3 Kg5 38.h4+ Kg6 39.Ra6+ Kh5 40.Kf4 Kxh4  1-0

[Event "TCh-FIN SM 2012-13"]
[Site "Joensuu FIN"]
[Date "2013.02.10"]
[Round "11.2"]
[White "Sklyarov,D"]
[Black "Kekki,P"]
[Result "1-0"]
[WhiteElo "2425"]
[BlackElo "2353"]

1.Nf3 d5 2.g3 g6 3.Bg2 Bg7 4.O-O Nf6 5.d3 O-O 6.Nc3 Nc6 7.e4 dxe4 8.Nxe4 Nxe4
9.dxe4 Qxd1 10.Rxd1 Bg4 11.Bf4 e5 12.Be3 Nd4 13.Bxd4 exd4 14.h3 Bxf3 15.Bxf3 Rad8
16.Be2 f5 17.Bc4+ Kh8 18.exf5 Rxf5 19.Re1 Re5 20.Rxe5 Bxe5 21.Re1 Bf6 22.h4 Kg7
23.Kg2 Rd7 24.Re8 Rd8 25.Re4 c6 26.b3 b5 27.Bd3 Kf7 28.Re1 Rd6 29.h5 Rd5
30.hxg6+ hxg6 31.a4 a6 32.Ra1 Rd6 33.f4 Bd8 34.Kf3 Re6 35.Be4 Kf6 36.g4 Rd6
37.g5+ Kg7 38.Rh1 Bc7 39.f5 gxf5 40.Bxf5 Bd8 41.Rh7+ Kg8 42.g6 c5 43.axb5 axb5
44.Bd3 Rc6 45.Rd7 Bg5 46.Kg4 Bh6 47.Kh5 Bf4 48.Bxb5 Rc7 49.Bc4+  1-0

[Event "73rd Noteboom Mem"]
[Site "Leiden NED"]
[Date "2013.02.10"]
[Round "5.5"]
[White "Bitalzadeh,A"]
[Black "Pijpers,A"]
[Result "1-0"]
[WhiteElo "2404"]
[BlackElo "2347"]

1.Nf3 d5 2.g3 Bg4 3.Bg2 Nd7 4.c4 e6 5.cxd5 exd5 6.O-O Ngf6 7.d3 c6 8.Qc2 Bc5
9.h3 Bh5 10.e4 O-O 11.Nc3 Re8 12.g4 dxe4 13.dxe4 Bg6 14.Re1 Qc7 15.Nh4 Nf8
16.Bg5 Ne6 17.Bxf6 gxf6 18.Kf1 a6 19.Rad1 Nf4 20.Nf5 h5 21.Ng3 Kg7 22.Nce2 Bb4
23.Nxf4 Qxf4 24.gxh5 Bxe1 25.hxg6 fxg6 26.Rxe1 Rad8 27.Qb3 Re7 28.Qb4 Qd6
29.Qxd6 Rxd6 30.h4 Rd2 31.Rb1 Re5 32.Ke1 Rc2 33.Bf1 Rec5 34.Bd3 Rc1+ 35.Kd2 Rxb1
36.Bxb1 Kf7 37.f4 Rc4 38.h5 g5 39.fxg5 fxg5 40.Bd3 Ra4 41.a3 Kf6 42.Nf5 Ra5
43.Nh6 g4 44.Nxg4+ Kg5 45.h6 Kxg4 46.h7 Rh5 47.Be2+  1-0

[Event "17th Lienz Open 2013"]
[Site "Lienz AUT"]
[Date "2013.02.10"]
[Round "3.3"]
[White "Mammadov,F"]
[Black "Sedlak,N"]
[Result "0-1"]
[WhiteElo "2119"]
[BlackElo "2573"]

1.Nf3 d5 2.g3 g6 3.Bg2 Bg7 4.O-O Nf6 5.d3 O-O 6.Nbd2 c5 7.e4 Nc6 8.c3 e6
9.e5 Ng4 10.d4 cxd4 11.cxd4 f6 12.h3 Nh6 13.exf6 Qxf6 14.Nb3 Nf5 15.Bg5 Qf7
16.Bf4 a5 17.a4 b6 18.Rc1 Bd7 19.Re1 Rac8 20.Rc3 h6 21.Be3 g5 22.Nc1 Nxe3
23.fxe3 Qe7 24.Rxc6 Rxc6 25.Nd3 Rfc8 26.Qb3 Be8 27.Nfe5 Bxe5 28.Nxe5 Rc1
29.Rxc1 Rxc1+ 30.Kh2 Qb4 31.Qd3 Qe1 32.Nf3 Qf2  0-1

[Event "Moscow Open B 2013"]
[Site "Moscow RUS"]
[Date "2013.02.10"]
[Round "9.8"]
[White "Kovanova,B"]
[Black "Shulakova,S"]
[Result "1-0"]
[WhiteElo "2387"]
[BlackElo "2181"]

1.Nf3 d5 2.g3 c6 3.Bg2 Bg4 4.c4 Nd7 5.cxd5 cxd5 6.Qa4 Nf6 7.Nc3 e6 8.Ne5 Bh5
9.g4 Bg6 10.h4 a6 11.Nxd7 Qxd7 12.Qxd7+ Nxd7 13.h5 Bc2 14.d3 d4 15.Kd2 dxc3+
16.Kxc2 cxb2 17.Bxb2 Rc8+ 18.Kd1 f6 19.Rc1 Rxc1+ 20.Kxc1 b6 21.Kb1 Bd6 22.h6 g5
23.Bc6 Rf8 24.Be4 f5 25.gxf5 exf5 26.Bc6 Ke7 27.Rh5 Ne5 28.Bxe5 Bxe5 29.Rxg5 Kd6
30.Bb7 a5 31.e3 Ke6 32.d4 Bh8 33.f4 Rb8 34.Bg2 b5 35.d5+ Kd6 36.Rxf5 Rg8
37.Rg5 Rf8 38.Rg4 Bc3 39.e4 Bd2 40.e5+ Kc5 41.e6 Kd6 42.Rg7 Bxf4 43.Rxh7 Kc5
44.Rd7 Bxh6 45.e7 Re8 46.d6 Bg5 47.Bf3 Rh8 48.Bh5  1-0

[Event "Moscow Open A 2013"]
[Site "Moscow RUS"]
[Date "2013.02.10"]
[Round "9.14"]
[White "Arun Prasad,S"]
[Black "Vorobiov,E"]
[Result "1-0"]
[WhiteElo "2514"]
[BlackElo "2584"]

1.g3 d5 2.Nf3 Nf6 3.Bg2 c6 4.c4 dxc4 5.O-O Nbd7 6.Qc2 Nb6 7.Na3 Qd5 8.b3 cxb3
9.axb3 g6 10.Nc4 Nxc4 11.bxc4 Qd8 12.Bb2 Bg7 13.Bd4 a6 14.Rfb1 O-O 15.d3 Ng4
16.Bxg7 Kxg7 17.c5 f6 18.Ra4 Qc7 19.Nd2 Ne5 20.Nb3 Nf7 21.Na5 Nd8 22.d4 e5
23.Nc4 exd4 24.Nb6 Rb8 25.Rxd4 Be6 26.Rbd1 Nf7 27.Nd7 Bxd7 28.Rxd7 Qa5 29.h4 Kh8
30.h5 Ne5 31.hxg6 hxg6 32.Qe4 Kg8 33.f4 Qxc5+ 34.Kf1 Qc4 35.fxe5 fxe5+ 36.Kg1 Qxe4
37.Bxe4 Rf7 38.Bxg6 Rxd7 39.Rxd7 a5 40.g4 b5 41.g5 a4 42.Be4 Rb6 43.g6 a3
44.Ra7 b4 45.Bd3  1-0

[Event "Novy Bor Open A 2013"]
[Site "Novy Bor CZE"]
[Date "2013.02.10"]
[Round "2"]
[White "Liska,Ji2"]
[Black "Petruzalek,R"]
[Result "1-0"]
[WhiteElo "1794"]
[BlackElo "1608"]

1.Nf3 d5 2.g3 c5 3.Bg2 Nc6 4.d4 c4 5.O-O Nf6 6.b3 b5 7.a4 b4 8.c3 bxc3 9.Nxc3 cxb3
10.Qxb3 Rb8 11.Qd1 e6 12.Ne5 Nxe5 13.dxe5 Nd7 14.Nb5 a6 15.Nd6+ Bxd6 16.exd6 Ne5
17.Qd4 Qxd6 18.Ba3 Qc7 19.Rfc1 Nc4 20.Qxg7 Qe5 21.Qxe5 Nxe5 22.Bd6  1-0

[Event "2nd Santa Catarina Masters"]
[Site "Blumenau BRA"]
[Date "2013.02.11"]
[Round "1.3"]
[White "Gallo Ponce,E"]
[Black "Umetsubo,C"]
[Result "0-1"]
[WhiteElo "2259"]
[BlackElo "2288"]

1.Nf3 d5 2.g3 Nf6 3.Bg2 Bf5 4.b3 e6 5.c4 c6 6.O-O Nbd7 7.Bb2 Bd6 8.d3 h6
9.Nbd2 Bh7 10.Rc1 O-O 11.Qc2 a5 12.Qb1 Re8 13.Rfd1 Qe7 14.e4 dxe4 15.Nxe4 Ba3
16.Nxf6+ Nxf6 17.Ne5 a4 18.Bxa3 Qxa3 19.bxa4 Ra5 20.Re1 Qd6 21.Qb2 Nd7 22.d4 Nxe5
23.dxe5 Qc7 24.Qb4 Rea8 25.Qd6 Qxd6 26.exd6 Kf8 27.Re3 Ke8 28.Rb3 R8a7 29.Rcc3 Rc5
30.Rb4 Kd7 31.Rcb3 Kxd6 32.Rxb7 Rxb7 33.Rxb7 Rxc4 34.Bf1 Rc1 35.Kg2 Be4+
36.f3 Rc2+ 37.Kg1 Bxf3 38.Rxf7 Bd5 39.Bd3 Rxa2 40.h4 c5 41.Bh7 c4  0-1

[Event "17th Lienz Open 2013"]
[Site "Lienz AUT"]
[Date "2013.02.12"]
[Round "5.4"]
[White "Ager,J"]
[Black "Schnider,G"]
[Result "0-1"]
[WhiteElo "2198"]
[BlackElo "2311"]

1.Nf3 d5 2.g3 Nf6 3.Bg2 c6 4.b3 Bf5 5.Bb2 Nbd7 6.O-O e6 7.c4 Qb6 8.cxd5 cxd5
9.Nc3 Be7 10.Na4 Qd8 11.d3 O-O 12.Rc1 h6 13.Qd2 b5 14.Nc3 Qb6 15.e4 Bh7 16.exd5 exd5
17.Ne2 Rac8 18.Bh3 Rc7 19.Rxc7 Qxc7 20.Rc1 Qb6 21.b4 Bd6 22.Bg2 Re8 23.a3 Ng4
24.Bd4 Qb8 25.Nc3 Ngf6 26.Nd1 a5 27.Ne3 axb4 28.axb4 Qd8 29.Nh4 Be5 30.Nhf5 Bxd4
31.Nxd4 Ne5 32.Nef5 Qd7 33.Ne3 Nxd3 34.Ra1 Ne5 35.Nb3 Nc4 36.Qd4 Nxe3 37.fxe3 Qe7
38.Nc5 Bf5 39.Ra3 Ng4 40.Bxd5 Nxe3 41.Ra8 Nxd5 42.Rxe8+ Qxe8 43.Qxd5 Qe3+
44.Kg2 g6 45.Kf1  0-1

[Event "17th Lienz Open 2013"]
[Site "Lienz AUT"]
[Date "2013.02.12"]
[Round "5.10"]
[White "Pregl,W"]
[Black "Higatsberger,M"]
[Result "0-1"]
[WhiteElo "2055"]
[BlackElo "2173"]

1.Nf3 d5 2.g3 Nf6 3.Bg2 c6 4.d3 Nbd7 5.O-O e5 6.c4 Bd6 7.cxd5 Nxd5 8.Nbd2 O-O
9.e4 N5b6 10.d4 Re8 11.dxe5 Nxe5 12.Nxe5 Bxe5 13.Nf3 Qxd1 14.Rxd1 Bg4 15.Re1 Bxf3
16.Bxf3 Rad8 17.Rb1 Nc4 18.Kg2 h6 19.Re2 Bd4 20.Re1 b5 21.b3 Bc3 22.Re2 Ne5
23.Bf4 Nxf3 24.Kxf3 g5 25.Be3 Rd3 26.g4 b4 27.Rc2 a5 28.Ke2 Red8 29.Rh1 Kg7
30.Rb1 R3d6 31.Rbc1 Re6 32.f3 Red6 33.Rb1 Kf6 34.Rh1 Ke6 35.Rb1 f6 36.Rh1 a4
37.bxa4 c5 38.Rb1 Rc8 39.a5 Ra6 40.a3 Rxa5 41.axb4 cxb4 42.Rxb4 Bxb4 43.Rxc8 Ra2+
44.Kf1 Rxh2 45.Rb8 Bc3 46.Rb5 Be5 47.Bc5 h5 48.gxh5 Rxh5 49.Rb6+ Kf7 50.Rb7+ Kg6
51.Rd7 Rh8 52.Rd5 g4 53.fxg4 Kg5 54.Be3+ Kxg4 55.Ke2 Rh2+ 56.Kd3 Kf3 57.Bd4 Kf4
58.Be3+ Kg4 59.Rd8 Kf3 60.Rg8 Re2 61.Bd4 Bxd4 62.Kxd4 Rxe4+ 63.Kd3 f5 64.Rf8 f4
65.Rf7 Re3+ 66.Kd2 Re8 67.Rg7 Kf2 68.Rg6 Rd8+ 69.Kc3 f3 70.Rg7 Kf1 71.Kc2 f2
72.Rg6 Rd5 73.Rg7 Ke2 74.Re7+ Kf3 75.Rf7+ Ke3 76.Rf8 Rd4  0-1

[Event "17th Lienz Open 2013"]
[Site "Lienz AUT"]
[Date "2013.02.12"]
[Round "5.28"]
[White "Granabetter,J"]
[Black "Hollan,Petr"]
[Result "1/2-1/2"]
[WhiteElo "1961"]
[BlackElo "1798"]

1.Nf3 d5 2.g3 Nf6 3.d3 g6 4.Bg2 Bg7 5.Nbd2 O-O 6.O-O c6 7.e4 Bg4 8.h3 dxe4
9.dxe4 Bxf3 10.Qxf3 Nbd7 11.Rd1 Qc7 12.Qe2 Rad8 13.Nf1 Nc5 14.Bf4 e5 15.Bg5 Ne6
16.Bxf6 Bxf6 17.c3 Bg7 18.h4 Rxd1 19.Rxd1 Rd8 20.Ne3 Qa5 21.Rxd8+ Qxd8 22.Bh3 Nc5
23.Qc4 Na6 24.b4 Nc7 25.a4 a6 26.Qe2 Ne8 27.Nc4 Kf8 28.a5 Nd6 29.Nb6 Ke7
30.Qe3 Kf8 31.Nd7+ Kg8 32.Nc5 Kf8 33.h5 Kg8 34.hxg6 hxg6 35.Bf1 Qe7  1/2-1/2

[Event "Aeroflot Open Rapid Qualifier 2013"]
[Site "Moscow RUS"]
[Date "2013.02.12"]
[Round "1.7"]
[White "Gevorgyan,D"]
[Black "Motylev,A"]
[Result "1/2-1/2"]
[WhiteElo "2452"]
[BlackElo "2676"]

1.Nf3 d5 2.g3 c6 3.Bg2 Bg4 4.O-O Nd7 5.d4 Ngf6 6.b3 e6 7.Bb2 Be7 8.c4 O-O
9.Nc3 Qb8 10.Rc1 Rd8 11.cxd5 cxd5 12.Nb5 a6 13.Ba3 Bxa3 14.Nxa3 Qd6 15.Nb1 Rac8
16.Qd2 Ne4 17.Qf4 Qxf4 18.gxf4 f6 19.e3 Nb8 20.Nfd2 Nxd2 21.Nxd2 Nc6 22.a3 Na7
23.Rfe1 Nb5 24.Nb1 Bf5 25.a4 Na7 26.Nd2 a5 27.Bf1 Nc6 28.Rc3 Nb4 29.Rec1 Bc2
30.Rxc8 Rxc8 31.Be2 Rc6 32.h4 Kf7 33.Kh2 Ke7 34.h5 Kd6 35.Bd1 Bd3 36.Rxc6+ bxc6
37.Kg3 c5 38.dxc5+ Kxc5 39.Bg4 Kd6 40.Bd1 Na2 41.Nf3 Nb4 42.Ne1 Bb1 43.Nf3 Be4
44.Nd4 e5 45.Nb5+ Kc5 46.fxe5 fxe5 47.Nc7 Kd6 48.Ne8+ Ke7 49.Nxg7 Kf7 50.h6 Kg6
51.f4 Kxh6 52.Ne6 Kg6 53.Nc5 exf4+ 54.Kxf4 Nd3+ 55.Nxd3 Bxd3 56.Ke5 Be4 57.b4 axb4
58.a5 Bd3 59.Kxd5 h5 60.Kd4 Ba6 61.Kc5 h4 62.Kxb4 Bb7 63.Bg4 Bg2 64.a6 h3
65.Kc5  1/2-1/2

[Event "Aeroflot Open Rapid Qualifier 2013"]
[Site "Moscow RUS"]
[Date "2013.02.12"]
[Round "4.13"]
[White "Efimenko,Z"]
[Black "Oleksienko,M"]
[Result "1-0"]
[WhiteElo "2696"]
[BlackElo "2568"]

1.Nf3 d5 2.g3 c6 3.Bg2 Bg4 4.c4 e6 5.cxd5 exd5 6.O-O Nf6 7.h3 Bh5 8.d3 Be7
9.Nc3 Nbd7 10.e4 dxe4 11.dxe4 Nc5 12.g4 Bg6 13.Ne5 Qxd1 14.Rxd1 Nfxe4 15.Re1 Nxc3
16.bxc3 Rd8 17.Ba3 Ne6 18.Bxe7 Kxe7 19.f4 f5 20.Rab1 Rb8 21.Rb2 Rhd8 22.Rbe2 Rd6
23.Nc4 Rbd8 24.Nxd6 Rxd6 25.Re5 Kf6 26.g5+ Kf7 27.Bf1 b5 28.c4 Nxf4 29.Re7+ Kf8
30.Rxa7 Ne6 31.cxb5 cxb5 32.h4 Be8 33.Re5 Nd4 34.Kf2 Bd7 35.Bg2 Be6 36.a3 h6
37.g6 h5 38.Rc5 Bd7 39.Rd5 Ke7 40.Ke3 Nc6 41.Rxd6 Nxa7 42.Ra6 Nc8 43.Kd4 Nd6
44.Bd5 f4 45.Ke5 Nf5 46.Kxf4 Nxh4 47.Be4  1-0

[Event "17th Lienz Open 2013"]
[Site "Lienz AUT"]
[Date "2013.02.13"]
[Round "6.3"]
[White "Buhmann,R"]
[Black "Neff,G"]
[Result "1-0"]
[WhiteElo "2608"]
[BlackElo "2143"]

1.Nf3 d5 2.g3 Nf6 3.Bg2 Bf5 4.O-O e6 5.d3 h6 6.c4 c6 7.Qb3 Qb6 8.Be3 Qxb3
9.axb3 a6 10.Nc3 Be7 11.c5 Nbd7 12.b4 O-O 13.Nd4 Bh7 14.Nb3 e5 15.Bd2 b6
16.Na4 bxc5 17.Naxc5 Nxc5 18.Nxc5 Bxc5 19.bxc5 Rfb8 20.b4 Bf5 21.Ra2 Re8
22.Rfa1 Bc8 23.e4 d4 24.f4 Nd7 25.Bf3 f6 26.Bd1 Ra7 27.Bb3+ Kh8 28.f5 Nb8
29.g4 Kh7 30.Rf1 Rae7 31.Be1 Bb7 32.h4 Rf8 33.g5 Rd8 34.Kh2 Rf8 35.Rg1 Rc7
36.Rag2  1-0

[Event "Aeroflot Open Rapid Qualifier 2013"]
[Site "Moscow RUS"]
[Date "2013.02.13"]
[Round "5.16"]
[White "Petrosian,TL"]
[Black "Bryzgalin,K"]
[Result "1/2-1/2"]
[WhiteElo "2663"]
[BlackElo "2483"]

1.Nf3 d5 2.g3 Nf6 3.Bg2 c6 4.c4 dxc4 5.Qc2 Bg4 6.Na3 e6 7.Nxc4 Nbd7 8.O-O Be7
9.b4 O-O 10.a3 Rc8 11.d4 Bf5 12.Qb3 Ne4 13.Bf4 b5 14.Ne3 Bg6 15.Rfd1 Qb6
16.Rac1 a5 17.Nh4 Nef6 18.Nxg6 hxg6 19.bxa5 Qxa5 20.Rxc6 Nh5 21.Bd6 Rxc6
22.Bxc6 Bxd6 23.Bxd7 Rd8 24.Bxb5 Qxa3 25.Qxa3 Bxa3 26.Nc4 Be7 27.Ne5 Kf8
28.e3 Nf6 29.Ra1 Bd6 30.Nc4 Bb8 31.Ra8 Ne4 32.Bc6 Nf6 33.Bf3 Ne8 34.h4 Nc7
35.Ra5 Ne8 36.Kg2 Ke7 37.Ra8 Kf8 38.Bc6 Nf6 39.Bb7 Ne8 40.Bf3 Nf6 41.Ra4 Ne8
42.Na5 Bd6 43.Nc6 Rc8 44.Ra6 Nc7 45.Rb6 Ne8 46.Rb7 Rc7 47.Rb2 Rc8 48.Kf1 Rc7
49.Ke2 Rc8 50.Kd3 Rc7 51.Rb1 Rc8 52.Ra1 Bc7 53.Ra7 Bd6 54.Bg2 Nc7 55.f4 Ra8
56.Rxa8+ Nxa8 57.Kc4 Nc7 58.e4 Ke8 59.e5 Ba3 60.Na5 Bc1 61.Kd3 Ba3 62.Bc6+ Ke7
63.Nc4 Bb4 64.Ne3 Be1 65.Nf1 Bf2 66.Ke4 f6 67.Bb7 Nb5 68.d5 exd5+ 69.Kf3 Bd4
70.exf6+ gxf6 71.Bxd5 f5 72.Bc6 Nd6 73.Nd2 Kf6 74.Nb3 Bb6 75.Nc1 Bd4 76.Nd3 Nc8
77.Nb4 Ne7 78.Bb7 Bc5 79.Nc2 Ng8 80.Na1 Ne7 81.Nb3 Bb6 82.Nd2 Ng8 83.Nc4 Bd4
84.Nd6 Ke7 85.Nb5 Bb6 86.Na3 Kf6 87.Nc4 Bd4 88.Bc6 Ne7 89.Be8 Nc8 90.Na5 Ne7
91.Nb3 Bb6 92.Nd2 Bd4 93.Nc4 Nc8 94.Kg2 Ne7 95.Nd6 Bc5 96.Nf7 Bd4 97.Ng5 Bc3
98.Kf3 Bd4 99.Ke2 Bc3 100.Bf7 Bb4 101.Ba2 Nc6 102.Kf3 Nd4+ 103.Kg2 Bc5 104.Nf7 Nc6
105.Bd5 Ne7 106.Bc4 Bd4 107.Nd6 Kg7 108.Ne8+ Kh6 109.Nc7 Bb6 110.Ne6 Ba7
111.Bb5 Bb6 112.Be8 Ba7 113.Kf3 Bb6 114.Ng5 Kg7 115.Ke2 Ba7 116.h5 gxh5 117.Bxh5 Bb6
118.Bf7 Ba7 119.Kf3 Bb6 120.Kg2 Ba7 121.Kh3 Bb6 122.Kh4 Bf2 123.Ba2 Kg6 124.Nf3 Kf6
125.Kh3 Be3 126.Ne5 Bd4 127.Nd3 Kg6 128.Be6 Kf6 129.Bd7 Nd5 130.Ne1 Be3 131.Ng2 Bd2
132.Bc8 Ne3 133.Nh4 Nd5 134.Ng2 Ne3 135.Nh4 Nd5 136.Bb7 Ne3 137.Nf3 Bc3 138.Ba6 Ng4
139.Bc4 Ne3 140.Bd3 Bb4 141.Ne5 Bc3 142.Nd7+ Ke7 143.Nc5 Bd4 144.Nb3 Bc3
145.Nc1 Kf6 146.Ne2 Bb4 147.Kh4 Be1 148.Nd4 Ng2+ 149.Kh3 Ne3 150.Nf3 Bc3
151.Be2 Bb2 152.Ne1 Bc3 153.Nd3 Bd4 154.Bf3 Bc3 155.Be2 Bd4 156.Kh4 Bc3 157.Kh5 Bd4
158.Ne1 Nd5 159.Bf3 Ne3 160.Be2 Nd5 161.Nd3 Ne3 162.Kh6 Bc3 163.Kh7 Nd5 164.Bh5 Ne3
165.Be2 Nd5 166.Kg8 Nb4 167.Nc5 Be1 168.g4 fxg4 169.Bxg4 Ke7 170.Bf3 Bc3
171.Kh7 Bd4 172.Nb3 Be3 173.f5 Kf6 174.Be4 Na6 175.Na5 Nc5 176.Bc2 Nd7 177.Nc4 Bc5
178.Nd2 Ke5 179.Kg6 Be7 180.Bb3 Kf4 181.Be6 Ne5+ 182.Kg7 Ng4 183.Nb3 Bf6+
184.Kg6 Bc3 185.Nc5 Ne5+ 186.Kh5 Nc6 187.Nd3+ Ke3 188.Nc1 Ke4 189.Ne2 Be5
190.Kg5 Ne7 191.f6 Bxf6+ 192.Kxf6 Nd5+ 193.Kg5 Ke5 194.Bxd5  1/2-1/2

[Event "Aeroflot Open Rapid Qualifier 2013"]
[Site "Moscow RUS"]
[Date "2013.02.13"]
[Round "5.1"]
[White "Inarkiev,E"]
[Black "Korobov,A"]
[Result "1/2-1/2"]
[WhiteElo "2688"]
[BlackElo "2702"]

1.Nf3 d5 2.g3 c6 3.Bg2 Bg4 4.c4 e6 5.O-O Nf6 6.d3 Nbd7 7.cxd5 cxd5 8.Bf4 Qb6
9.Nc3 Bd6 10.Be3 Qxb2 11.Bd4 Bxf3 12.Bxf3 Qb4 13.e3 Qa5 14.Rb1 Be5 15.Qe1 b6
16.Rb5 Qa3 17.Rb3 Qe7 18.Bg2 O-O 19.f4 Bxd4 20.exd4 Qd6 21.f5 exf5 22.Rxf5 Rae8
23.Qd2 g6 24.Rf1 Kg7 25.Nb5 Qb8 26.Nc3 Re7 27.Rb5 Rfe8 28.Nxd5 Nxd5 29.Rxd5 Nf6
30.Rb5 Qd6 31.d5 a6 32.Rbb1 Nxd5 33.Qb2+ Kg8 34.Qd4 Rd8 35.Bxd5 Qxd5 36.Qxd5 Rxd5
37.Rxb6 a5 38.Rb3 Re3 39.Rb7 Rdxd3 40.Rfxf7 Re2 41.Rg7+ Kf8 42.Rbf7+ Ke8
43.Rxh7 Rd1+ 44.Rf1 Rxf1+  1/2-1/2

[Event "Aeroflot Open Rapid Qualifier 2013"]
[Site "Moscow RUS"]
[Date "2013.02.13"]
[Round "7.13"]
[White "Petrosian,TL"]
[Black "Frolyanov,D"]
[Result "0-1"]
[WhiteElo "2663"]
[BlackElo "2563"]

1.Nf3 d5 2.g3 Nf6 3.Bg2 c6 4.c4 Bg4 5.Ne5 Be6 6.cxd5 Bxd5 7.Nf3 Nbd7 8.Nc3 g6
9.Nxd5 cxd5 10.O-O Bg7 11.d4 O-O 12.Bf4 Qb6 13.Qd3 Rfc8 14.b3 e6 15.Rfc1 Rc6
16.Rxc6 bxc6 17.Rc1 Ne4 18.Qc2 Rc8 19.e3 c5 20.Nd2 Nd6 21.Bxd6 Qxd6 22.Qd3 Qb6
23.Bf1 Rb8 24.dxc5 Nxc5 25.Qc2 Bf8 26.Qc3 a5 27.Nf3 Qb4 28.Nd4 Rb6 29.Qb2 Ne4
30.Rc8 Rb8 31.Nc6 Rxc8 32.Nxb4 axb4 33.Bd3 Nc3 34.Kg2 Ra8 35.Bb1 Bg7 36.Qc2 h5
37.h3 Rd8 38.Qd3 d4 39.Bc2 Nxa2 40.exd4 Nc3 41.Qa6 Rxd4 42.Qa8+ Bf8 43.Qb7 Rd2
44.Be4 Kg7 45.Qc6 Be7 46.Bf3 Bf6 47.g4 hxg4 48.hxg4 Bd4 49.Qc4 Rxf2+ 50.Kh1 e5
51.Bg2 Ne2 52.Qxb4 Nf4 53.Bc6 Rc2 54.Be8 Rc3  0-1

[Event "Novy Bor Open A 2013"]
[Site "Novy Bor CZE"]
[Date "2013.02.13"]
[Round "5"]
[White "Machan,J"]
[Black "Volodin,V"]
[Result "1-0"]
[WhiteElo "2094"]
[BlackElo "2181"]

1.Nf3 d5 2.g3 c5 3.Bg2 Nc6 4.d4 e6 5.O-O Nf6 6.c4 dxc4 7.Ne5 Bd7 8.Nxc6 Bxc6
9.Bxc6+ bxc6 10.Qa4 cxd4 11.Qxc6+ Nd7 12.Qxc4 Bc5 13.b4 Bb6 14.Bb2 e5 15.Nd2 O-O
16.Rac1 Nf6 17.a4 a5 18.b5 e4 19.Nb3 Qd7 20.Qc6 Qh3 21.f3 exf3 22.exf3 Rae8
23.Rfe1 Rb8 24.Bxd4 Bxd4+ 25.Nxd4 h5 26.Qc5 g6 27.Qg5 Nh7 28.Qf4 Qd7 29.Rc7 Qd5
30.Nc6 Qc5+ 31.Qd4 Qxd4+ 32.Nxd4 Rbd8 33.Nc6 Rd2 34.h4 Rb2 35.Nxa5 Rd8 36.Nc4 Rb4
37.b6 Nf8 38.b7 Rd4 39.Re8 Rd1+ 40.Kf2 Rdb1 41.Rcc8 Rxc4 42.Rxf8+ Kg7 43.b8=Q  1-0